Statistics for Guess the country from the interesting fact

Click here to take the quiz!

General Stats

  • This quiz has been taken 829 times
  • The average score is 4 of 15

Answer Stats

HintAnswer% Correct
Country that is home to the shortest scheduled airline flight in the world (2 mins)United Kingdom
66%
Country with the most pyramidsSudan
59%
This country claims to have the most lakes (187,888)Finland
43%
Country where dodos used to liveMauritius
41%
Country considered the oldest republic in the worldSan Marino
35%
This country's constitution recognises a deceased person as head of stateNorth Korea
26%
The country with 'love' in its name <3Slovenia
26%
This tiny country makes money leasing its internet domain nameTuvalu
24%
Both of this country's leaders come from different countriesAndorra
22%
Country with humans on its flagBelize
22%
This country covers all four hemispheresKiribati
20%
Country with most forest cover (91%)Suriname
17%
If there was a massive worldwide flood, this country would be last to be reached by waterLesotho
14%
Country that had the longest reigning non-royal leaderCuba
10%
Country that had the longest verifiable reigning monarchSwaziland
6%

Score Distribution

Percentile by Number Answered

Percent of People with Each Score

Your Score History

You have not taken this quiz